ECONOMICS 101 FROM CONSUMER BEHAVIOR TO (Record no. 31882)

MARC details
000 -LEADER
fixed length control field 00334nam a2200133Ia 4500
008 - FIXED-LENGTH DATA ELEMENTS--GENERAL INFORMATION
fixed length control field 240624s9999 xx 000 0 und d
041 ## - LANGUAGE CODE
Language code of text/sound track or separate title eng
082 ## - DEWEY DECIMAL CLASSIFICATION NUMBER
Classification number 330 MIL
100 ## - MAIN ENTRY--PERSONAL NAME
Personal name MILL ALFRED
245 ## - TITLE STATEMENT
Title ECONOMICS 101 FROM CONSUMER BEHAVIOR TO
260 ## - PUBLICATION, DISTRIBUTION, ETC.
Date of publication, distribution, etc. 2016
Place of publication, distribution, etc. New Delhi
Name of publisher, distributor, etc. Adams Media
300 ## - PHYSICAL DESCRIPTION
Extent 288 p.; 17 cm.
365 ## - TRADE PRICE
Currency code
Price amount 25
Holdings
Withdrawn status Lost status Damaged status Not for loan Home library Current library Shelving location Date acquired Total Checkouts Total Renewals Full call number Barcode Date last seen Date last checked out Copy number Price effective from Koha item type
        IMTN IMTN Rack 4-B 09/24/2019 4 2 330 MIL 31882 10/29/2025 10/12/2025 74.7 06/24/2024 Books
Designed & Maintained by: LRC IMT Nagpur Contact: lrc@imtnag.ac.in© 2024. All Rights Reserved.